Countries in German - Statistics

General Stats
  • This quiz has been taken 40 times
  • The average score is 9 of 10
Answer Stats
Hint Answer % Correct
Deutschland Germany
100%
Niederlande Netherlands
97%
Polen Poland
97%
Russland Russia
97%
Spanien Spain
97%
Österreich Austria
95%
Frankreich France
95%
Schweiz Switzerland
87%
Weißrussland Belarus
79%
Truthahn Turkey
37%
No matching quizzes found
Score Distribution
Percent of People with Each Score
Percentile by Number Answered
Your Score History
You have not taken this quiz